| 000 | 00390nam a2200157Ia 4500 | ||
|---|---|---|---|
| 008 | 231217s9999 xx 000 0 und d | ||
| 041 | _aEnglish | ||
| 082 | _a001.6424 LOS;1 R | ||
| 100 | _aLoshin, Pete | ||
| 245 | 0 | _aTCP/IP clearly explained | |
| 250 | _a3rd ed | ||
| 260 |
_c1999 _bHarcourt _aNew Delhi |
||
| 300 | _axxiii+512 | ||
| 650 | _aTCP/IP,clearly,explained | ||
| 942 | _cAA | ||
| 999 |
_c172394 _d172394 |
||